000 00301nam a22001217a 4500
008 170131b xxu||||| |||| 00| 0 eng d
041 _aeng
080 _27TH
_a61
100 _a3
101 _aSHMI
245 _aEPIDEMIOLOGY AND REVENTION OF VACCINE-PREVENTABLE DISEASES
_cATKINSON, W
942 _2udc
_cBK
999 _c4060
_d4060